000 00565nam a22002177a 4500
003 UA-OsUOA
001 136958
007 ta
008 20190415b un ||||| |||| 00| 0 ukr d
100 _aКампо В.
090 _a32
_bК18
942 _cSA
040 _aUA-OsUOA
_bukr
_cUA-OsUOA
_dUA-OsUOA
245 _aКонституційна демократія та ринкова економіка
300 _aС.2-11
955 _a0
041 _aukr
080 _a32
773 0 _w136957
_tКритика
_dК.
_d2019
_g4
650 7 _a32 Політика
_2UDC
999 _c420288
_d420288